000 00324nam a2200145Ia 4500
008 230718s9999 xx 000 0 und d
041 _aEng.
082 _a36804
_bCHI-C
100 _aChin Paul
245 0 _aClaims against
260 _aPakistan
_bSweet as May well
_c2002
300 _a300
650 _aLaw
999 _c26600
_d26600